Finite superstrings

This is the first complete account of the construction and finiteness analysis of multi-loop scattering amplitudes for superstrings, and of the guarantee that for certain superstrings (in particular the heterotic one), the symmetries of the theory in the embedding space-time are those of the super-p...

ver descrição completa

Na minha lista:
Detalhes bibliográficos
Autor principal: Taylor, J.G.
Outros Autores: P.C.Bressloff, Restuccia, A
Formato: Livro
Idioma:Vietnamese
Publicado em: Singapore World Scientific 1992
Assuntos:
Tags: Adicionar Tag
Sem tags, seja o primeiro a adicionar uma tag!
Thư viện lưu trữ: Thư viện Trường Đại học Nam Cần Thơ
LEADER 01138nam a22002297a 4500
001 NCT_82637
008 200724b xxu||||| |||| 00| 0 vie d
999 |c 4067  |d 4067 
020 |a 981020969 
082 0 4 |2 23rd ed.  |a 539.7  |b T238 
100 1 |a Taylor, J.G.  
245 1 0 |a Finite superstrings  |c J.G.Taylor, P.C.Bressloff, A.Restuccia 
260 |a Singapore  |b World Scientific  |c 1992 
300 |a ix, 378 p.  |c 23cm 
504 |a References: p. 371-378  
520 3 |a This is the first complete account of the construction and finiteness analysis of multi-loop scattering amplitudes for superstrings, and of the guarantee that for certain superstrings (in particular the heterotic one), the symmetries of the theory in the embedding space-time are those of the super-poincaré group SP10 and that the multi-loop amplitudes are each finite. 
653 |a Cơ bản 
700 1 |a P.C.Bressloff 
700 1 |a Restuccia, A 
942 |2 ddc  |c BK 
952 |0 0  |1 0  |2 ddc  |4 0  |6 539_700000000000000_T238  |7 0  |9 19983  |a 000001  |b 000001  |d 2020-07-24  |o 539.7 T238  |p MD.17570  |r 2020-07-24  |w 2020-07-24  |y BK 
980 |a Thư viện Trường Đại học Nam Cần Thơ